Book of Knowledge (Record no. 258208)

000 -LEADER
fixed length control field 00206 a2200097 4500
001 - CONTROL NUMBER
control field 23135
090 ## - LOCALLY ASSIGNED LC-TYPE CALL NUMBER (OCLC); LOCAL CALL NUMBER (RLIN)
-- 15675
-- 15675
100 ## - MAIN ENTRY--PERSONAL NAME
Personal name Faris, N A
245 ## - TITLE STATEMENT
Title Book of Knowledge
260 ## - PUBLICATION, DISTRIBUTION, ETC.
Place of publication, distribution, etc.
Name of publisher, distributor, etc. Sh. M. Ashraf
Date of publication, distribution, etc. 1966
942 ## - ADDED ENTRY ELEMENTS (KOHA)
Institution code [OBSOLETE] NUST-CAE
Koha item type
--
Holdings
Withdrawn status Lost status Damaged status Not for loan Collection code Permanent Location Current Location Date acquired Total Checkouts Barcode Date last seen Price effective from Koha item type
          College of Aeronautical Engineering (CAE) College of Aeronautical Engineering (CAE) 04/03/2017   CAE19279 04/05/2017 04/05/2017 Book
© 2023 Central Library, National University of Sciences and Technology. All Rights Reserved.